Histoire du gentil seigneur de Bayart / (Record no. 96415)

MARC details
000 -LEADER
campo de control de longitud fija 00671nam a2200193 i 4500
001 - NÚMERO DE CONTROL
campo de control 96415
003 - IDENTIFICADOR DE NÚMERO DE CONTROL
campo de control ES-MaACL
005 - FECHA Y HORA DE LA ÚLTIMA TRANSACCIÓN
campo de control 20250927101941.0
007 - CAMPO FIJO DE DESCRIPCIÓN FÍSICA--INFORMACIÓN GENERAL
campo de control de longitud fija t|
008 - DATOS DE LONGITUD FIJA--INFORMACIÓN GENERAL
campo de control de longitud fija 050617q1910 fr ||||1| fre d
100 1# - ENTRADA PRINCIPAL--NOMBRE DE PERSONA
Nombre de persona Mailles, Jacques de (
Fechas asociadas al nombre 14..-15.)
9 (RLIN) 165174
245 10 - MENCIÓN DEL TÍTULO
Título Histoire du gentil seigneur de Bayart /
Mención de responsabilidad, etc. composée par le loyal serviteur ; publieè avec introduction et notice par Maurice Maindrón.
260 ## - PUBLICACIÓN, DISTRIBUCIÓN, ETC.
Lugar de publicación, distribución, etc. Paris :
Nombre del editor, distribuidor, etc. Arthème Fayard,
Fecha de publicación, distribución, etc. [ca. 1910]
300 ## - DESCRIPCIÓN FÍSICA
Extensión 156 p. :
Otras características físicas il. ;
Dimensiones 24 cm.
600 17 - PUNTO DE ACCESO ADICIONAL DE MATERIA--NOMBRE DE PERSONA
Nombre de persona Bayard, Pierre Terrail,
Fechas asociadas al nombre ca. 1473-1524
Fuente del encabezamiento o término
9 (RLIN) 165175
700 1# - ENTRADA AGREGADA--NOMBRE PERSONAL
Nombre de persona Maindrón, Maurice.
9 (RLIN) 75595
852 ## - LOCALIZACIÓN
Ubicación ES-MaACL
Número de control de estantería C-111
Holdings
Estatus retirado Estado de pérdida Estado de daño No para préstamo Biblioteca de origen Biblioteca actual Ubicación en estantería Fecha de adquisición Fuente de adquisición Total de préstamos Signatura topográfica completa Código de barras Visto por última vez Precio de reemplazo Tipo de ítem Koha
        Biblioteca del Ateneo de Madrid Biblioteca del Ateneo de Madrid Sala Palomar 17/01/2008     C-111 1100660 23/02/2023 23/02/2023 Libro impreso